| 000 | 00533 a2200169 4500 | ||
|---|---|---|---|
| 003 | OSt | ||
| 005 | 20231205140241.0 | ||
| 008 | 231205b |||||||| |||| 00| 0 eng d | ||
| 020 | _a9789391050900 | ||
| 040 | _coclc | ||
| 082 |
_a950 _bBAN/A |
||
| 100 |
_aBansal, Sonali _910034 |
||
| 245 |
_aAncient history of India : _bfor UPSC Civil services and other competitive examinations / _cSonali Bansal, Snehil Tripathi |
||
| 260 |
_bOxford, _c2021. |
||
| 300 | _a301p | ||
| 942 |
_2ddc _cBK _h950 _iBAN/A _k950 _mBAN/A |
||
| 999 |
_c43810 _d43810 |
||